000
00332nam a22001337a 4500
008
260323b ||||| |||| 00| 0 eng d
020
_a
9789951053518
041
_a
eng
080
_a
2.1
100
_a
25
101
_a
prralla per femije
245
_a
Maçoku me çizme dhe përralla të tjera
_c
Charles Perrauit
942
_2
lcc
_c
BK
999
_c
60913
_d
60913